Lowest Countries by Continent Quiz Stats

 Plays Quiz Updated May 11, 2014

     
Support Sporcle.
Go Orange.
Score 0/30 Timer 06:00
0 Plays Today
Continent Country % Correct
South AmericaSuriname (1,230 m)
78.6%
South AmericaUruguay (514 m)
77.7%
South AmericaGuyana (2,835 m)
77.5%
South AmericaBrazil (2,994 m)
75.6%
South AmericaParaguay (842 m)
74.4%
EuropeVatican City (75 m)
70.2%
EuropeMonaco (140 m)
69.9%
EuropeMalta (253 m)
69.8%
North AmericaBahamas (63 m)
69%
OceaniaNauru (61 m)
67.4%
OceaniaTuvalu (5 m)
66.2%
OceaniaPalau (242 m)
64.8%
AsiaMaldives (2.4 m)
64.7%
OceaniaMarshall Islands (10 m)
63.9%
North AmericaBarbados (336 m)
63.5%
Continent Country % Correct
OceaniaKiribati (81 m)
62%
EuropeDenmark (171 m)
60.3%
North AmericaGrenada (840m)
58.1%
AsiaSingapore (166 m)
57%
North AmericaTrinidad and Tobago (940 m)
56.5%
North AmericaAntigua and Barbuda (402 m)
55.9%
AsiaQatar (103 m)
54.5%
AsiaBahrain (122 m)
54.4%
AfricaThe Gambia (53 m)
52.1%
AsiaKuwait (306 m)
49.4%
AfricaSenegal (581 m)
47.4%
AfricaGuinea-Bissau (300 m)
44.8%
AfricaBenin (658 m)
43.2%
EuropeLithuania (294 m)
38.6%
AfricaBurkina Faso (749 m)
25.1%

From the Vault

Mow That Lawn!

by serf_in_USA

At Sporcle we provide knowledge about all sorts of things, including lawn-care (apparently).
Remove Ads.
Support Sporcle.
Get the best of Sporcle when you Go Orange. This ad-free experience offers more features, more stats, and more fun while also helping to support Sporcle. Thank you for becoming a member.

Show Comments

Extras

Top Quizzes Today


Score Distribution

Your Account Isn't Verified!

In order to create a playlist on Sporcle, you need to verify the email address you used during registration. Go to your Sporcle Settings to finish the process.

Report this User

Report this user for behavior that violates our Community Guidelines.

Details: